| 000 | 01003cam a22003494a 4500 | ||
|---|---|---|---|
| 999 |
_c5144 _d5144 |
||
| 001 | ocn177013768 | ||
| 003 | OCoLC | ||
| 005 | 20190621155002.0 | ||
| 008 | 090803s2009 tz bw 000 0 eng | ||
| 010 | _a 2009319834 | ||
| 020 | _a9789987449507 | ||
| 020 | _a9987449506 | ||
| 029 | 1 |
_aAU@ _b000045239731 |
|
| 029 | 1 |
_aBWX _bR3804738 |
|
| 035 | _a(OCoLC)177013768 | ||
| 040 |
_aDLC _beng _cTZ-ArACH _dBTCTA |
||
| 042 | _alcode | ||
| 043 | _af-tz--- | ||
| 049 | _aTZAA | ||
| 050 | 0 | 0 |
_aKTT245 _b.C48 |
| 082 | 0 | 4 |
_a342.60678 _222 |
| 100 | 1 | _aChipeta, B. D. | |
| 245 | 1 | 0 |
_aAdministrative law in Tanzania : _ba digest of cases / _cB.D. Chipeta. |
| 260 |
_aDar es Salaam : _bMkuki Na Nyota Publishers, _c2009. |
||
| 300 |
_axli, 235 pages ; _c24 cm |
||
| 504 | _aIncludes bibliographical references (page 235). | ||
| 650 | 0 |
_aAdministrative law _zTanzania _vDigests. |
|
| 650 | 7 |
_aAdministrative law. _2fast |
|
| 651 | 7 |
_aTanzania. _2fast |
|
| 655 | 7 |
_aDigests. _2fast |
|
| 942 |
_2lcc _cBOOK |
||